[Event "Dulles Atlantic op 3rd"]
[Site "Dulles"]
[Date "2025.07.06"]
[Round "8"]
[White "Das, Aditeya"]
[Black "Vaibhav, Kalpaka"]
[Result "1/2-1/2"]
[WhiteElo "2311"]
[BlackElo "2265"]
[PlyCount "71"]
[EventDate "2025.07.02"]
[EventType "swiss"]
[EventRounds "9"]
[EventCountry "USA"]
[SourceTitle "CB28_2025"]
[SourceDate "2025.07.09"]
[SourceVersion "1"]
[SourceVersionDate "2025.07.09"]
[SourceQuality "1"]

1. e4 e5 2. Nf3 Nc6 3. Bb5 a6 4. Ba4 Nge7 5. 0-0 Ng6 6. c3 d5 7. d4 dxe4 8. Bxc6+ bxc6 9. Nxe5 Bd6 10. f4 exf3 11. Qxf3 Nxe5 12. dxe5 Bc5+ 13. Be3 Qd5 14. Bxc5 Qxc5+ 15. Qf2 Qxf2+ 16. Kxf2 Be6 17. Nd2 0-0-0 18. Nf3 Rd5 19. c4 Rd7 20. b3 Rhd8 21. h3 Bf5 22. Rfe1 h6 23. Re3 c5 24. Rae1 Kb7 25. g4 Be6 26. Kg3 Rd1 27. Rxd1 Rxd1 28. Re1 Rd3 29. Kf2 a5 30. Rc1 Kc6 31. Ke2 Rd8 32. a4 h5 33. gxh5 Rh8 34. Rg1 Rxh5 35. Rxg7 Rxh3 36. Kf2 1/2-1/2

[Event "Dulles Atlantic op 3rd"]
[Site "Dulles"]
[Date "2025.07.05"]
[Round "6"]
[White "Das, Aditeya"]
[Black "Adury, Anant"]
[Result "1/2-1/2"]
[WhiteElo "2311"]
[BlackElo "2215"]
[PlyCount "49"]
[EventDate "2025.07.02"]
[EventType "swiss"]
[EventRounds "9"]
[EventCountry "USA"]
[SourceTitle "CB28_2025"]
[SourceDate "2025.07.09"]
[SourceVersion "1"]
[SourceVersionDate "2025.07.09"]
[SourceQuality "1"]

1. e4 c5 2. Nf3 Nc6 3. Bb5 d6 4. 0-0 Bd7 5. Re1 a6 6. Bf1 Bg4 7. h3 Bxf3 8. Qxf3 g6 9. c3 Bh6 10. Na3 Nf6 11. d3 Bxc1 12. Raxc1 0-0 13. Qe3 e5 14. f4 Qe7 15. Nc4 Nd7 16. Qf3 Kg7 17. Ne3 exf4 18. Qxf4 Nf6 19. Qg3 Kh8 20. Nd5 Qd8 21. Qf4 Kg7 22. Ne3 Qe7 23. Qg3 Kh8 24. Nd5 Qd8 25. Qf4 1/2-1/2

[Event "New York Marshall CC-B 05"]
[Site "New York"]
[Date "2025.05.21"]
[Round "1"]
[White "Block, Joshua"]
[Black "Das, Aditeya"]
[Result "1-0"]
[WhiteElo "2003"]
[BlackElo "2106"]
[PlyCount "71"]
[EventDate "2025.05.21"]
[EventType "swiss"]
[EventRounds "4"]
[EventCountry "USA"]
[SourceTitle "CB22_2025"]
[SourceDate "2025.05.28"]
[SourceVersion "1"]
[SourceVersionDate "2025.05.28"]
[SourceQuality "1"]

1. e4 c5 2. Nc3 Nc6 3. Bb5 Nd4 4. Nf3 a6 5. Bd3 g6 6. Nxd4 cxd4 7. Ne2 d5 8. 0-0 Bg7 9. exd5 Qxd5 10. b3 e5 11. Ng3 Nf6 12. Ba3 Qa5 13. Qc1 Bh6 14. Rd1 Be6 15. Qb2 Bf8 16. b4 Qd5 17. b5 axb5 18. Bxb5+ Bd7 19. Bxd7+ Nxd7 20. Bxf8 Kxf8 21. c3 Kg7 22. cxd4 exd4 23. Re1 Ra4 24. Ne4 Rha8 25. a3 h6 26. h3 R8a6 27. d3 Rb6 28. Qc2 Rb3 29. Qc7 Ra6 30. a4 Rxd3 31. Rab1 Rb3 32. Rxb3 Qxb3 33. Qxd7 Qb4 34. Rc1 Re6 35. Rc7 Qf8 36. Qxe6 1-0

[Event "Charlotte Spring IM-A"]
[Site "Charlotte"]
[Date "2025.04.18"]
[Round "5"]
[White "Das, Aditeya"]
[Black "Vinod, Aarush"]
[Result "0-1"]
[WhiteElo "2195"]
[BlackElo "2222"]
[PlyCount "126"]
[EventDate "2025.04.16"]
[EventType "tourn"]
[EventRounds "9"]
[EventCountry "USA"]
[EventCategory "1"]
[SourceTitle "CB17_2025"]
[SourceDate "2025.04.23"]
[SourceVersion "1"]
[SourceVersionDate "2025.04.23"]
[SourceQuality "1"]

1. d4 Nf6 2. c4 g6 3. Nc3 Bg7 4. e4 d6 5. Be2 0-0 6. Be3 e5 7. d5 Na6 8. h3 Nc5 9. Qc2 c6 10. Nf3 cxd5 11. cxd5 Bd7 12. Nd2 Rc8 13. 0-0 b5 14. a3 a5 15. Qb1 b4 16. axb4 axb4 17. Na2 Rb8 18. b3 Qe7 19. Rc1 Rfc8 20. Bf1 Rb7 21. Rc4 Rcb8 22. Qc2 Bf8 23. Nc1 Be8 24. Ra5 Qd8 25. Qa2 Bb5 26. Rxb4 Bxf1 27. Bxc5 Rxb4 28. Bxb4 Bxg2 29. Kxg2 Rxb4 30. Ra8 Qc7 31. Ne2 Nxe4 32. Nxe4 Rxe4 33. Qd2 Qb7 34. Re8 Qd7 35. Rb8 Rh4 36. Qc3 Qf5 37. b4 Qe4+ 38. Qf3 Qb1 39. Nc3 Qf5 40. Qe3 Kg7 41. b5 Be7 42. b6 Bg5 43. Qg3 Rb4 44. b7 Bh4 45. Qe3 Rb3 46. Qd2 Rxc3 47. Rg8+ Kxg8 48. b8Q+ Kg7 49. Qxc3 Qxf2+ 50. Kh1 Qf1+ 51. Kh2 Qf2+ 52. Kh1 Bg3 53. Qxg3 Qxg3 54. Qxd6 Qxh3+ 55. Kg1 Qg4+ 56. Kf1 Qf5+ 57. Ke1 Qe4+ 58. Kf2 Qd4+ 59. Ke1 e4 60. Qg3 e3 61. Qf3 Qd2+ 62. Kf1 e2+ 63. Qxe2 Qxe2+ 0-1

[Event "Charlotte Spring IM-A"]
[Site "Charlotte"]
[Date "2025.04.17"]
[Round "2"]
[White "Matros, Alexander"]
[Black "Das, Aditeya"]
[Result "0-1"]
[WhiteElo "2326"]
[BlackElo "2195"]
[PlyCount "78"]
[EventDate "2025.04.16"]
[EventType "tourn"]
[EventRounds "9"]
[EventCountry "USA"]
[EventCategory "1"]
[SourceTitle "CB17_2025"]
[SourceDate "2025.04.23"]
[SourceVersion "1"]
[SourceVersionDate "2025.04.23"]
[SourceQuality "1"]

1. d4 Nf6 2. Nc3 d5 3. Bf4 Bf5 4. e3 e6 5. Nf3 Bd6 6. Ne5 Nbd7 7. Bd3 Bxd3 8. cxd3 0-0 9. 0-0 Bxe5 10. dxe5 Ne8 11. e4 d4 12. Ne2 c5 13. Bg3 f5 14. exf6 Nexf6 15. a4 Qb6 16. Qc2 Rac8 17. a5 Qc6 18. Rfc1 e5 19. Qc4+ Kh8 20. b4 cxb4 21. Qxb4 Qa6 22. Qd2 Nc5 23. Ra3 Nfd7 24. f3 h6 25. Rb1 Qd6 26. Qb4 Rc6 27. h3 b6 28. Qb2 bxa5 29. Qa2 a4 30. Be1 Rb8 31. Rxb8+ Qxb8 32. f4 Rb6 33. Qd5 Rb2 34. Nxd4 exd4 35. Qxd4 Rb1 36. Kf2 Qxf4+ 37. Ke2 Rxe1+ 38. Kxe1 Qc1+ 39. Ke2 Qxa3 0-1

[Event "New York Spring IM"]
[Site "New York"]
[Date "2025.03.29"]
[Round "4"]
[White "Das, Aditeya"]
[Black "Yudasin, Leonid"]
[Result "1/2-1/2"]
[WhiteElo "2196"]
[BlackElo "2298"]
[PlyCount "73"]
[EventDate "2025.03.27"]
[EventType "tourn"]
[EventRounds "9"]
[EventCountry "USA"]
[SourceTitle "CB15_2025"]
[SourceDate "2025.04.09"]
[SourceVersion "1"]
[SourceVersionDate "2025.04.09"]
[SourceQuality "1"]

1. e4 c5 2. Nf3 d6 3. d4 cxd4 4. Nxd4 Nf6 5. Nc3 e6 6. Be2 Nc6 7. a3 Be7 8. Be3 Bd7 9. Qd2 Nxd4 10. Qxd4 Bc6 11. 0-0 0-0 12. a4 a5 13. Rfd1 d5 14. exd5 Nxd5 15. Nxd5 Qxd5 16. Qxd5 Bxd5 17. Bf3 Bxf3 18. gxf3 Rfc8 19. Rd7 Bc5 20. Rxb7 Bxe3 21. fxe3 Rxc2 22. Rd1 g6 23. Rdd7 Rac8 24. Rxf7 Re2 25. Rg7+ Kf8 26. Rbf7+ Ke8 27. Rc7 Rxc7 28. Rxc7 Rxe3 29. Kf2 Rb3 30. Ra7 Rxb2+ 31. Kg3 Ra2 32. Rxa5 Kf7 33. Ra8 Kf6 34. a5 Kg5 35. h4+ Kh5 36. a6 e5 37. a7 1/2-1/2

[Event "New York Spring IM"]
[Site "New York"]
[Date "2025.03.28"]
[Round "2"]
[White "Das, Aditeya"]
[Black "Cherukuri, Nitesh"]
[Result "1/2-1/2"]
[WhiteElo "2196"]
[BlackElo "2246"]
[PlyCount "137"]
[EventDate "2025.03.27"]
[EventType "tourn"]
[EventRounds "9"]
[EventCountry "USA"]
[SourceTitle "CB15_2025"]
[SourceDate "2025.04.09"]
[SourceVersion "1"]
[SourceVersionDate "2025.04.09"]
[SourceQuality "1"]

1. d4 d5 2. c4 e6 3. Nc3 Nf6 4. cxd5 exd5 5. Bg5 Bb4 6. e3 h6 7. Bh4 g5 8. Bg3 h5 9. Qa4+ Nc6 10. Bb5 Bd7 11. Nge2 Ne4 12. 0-0 Bxc3 13. bxc3 h4 14. f3 Nd2 15. Rfd1 hxg3 16. Rxd2 Qe7 17. Nxg3 Qxe3+ 18. Rf2 Qxc3 19. Rd1 Rh4 20. Rd3 Qc1+ 21. Nf1 0-0-0 22. g3 Rh6 23. Rc2 Qb1 24. Rc5 Qe1 25. Rd1 Qe6 26. Bxc6 Bxc6 27. Qxa7 Qe2 28. Rd2 Qe1 29. Qa3 Re8 30. Rc1 Qe7 31. Qxe7 Rxe7 32. g4 Bb5 33. Ng3 Ra6 34. Kf2 Bc4 35. Nf5 Ree6 36. Rcc2 Ra3 37. Rb2 Rea6 38. Ne3 Bxa2 39. Rdc2 Bc4 40. Nxc4 dxc4 41. Rxc4 Rf6 42. Rbc2 Rfxf3+ 43. Kg2 Kb8 44. Rxc7 Rf4 45. h3 Rff3 46. Rc8+ Ka7 47. Rh8 Rg3+ 48. Kh2 Rgd3 49. Rh7 Rxd4 50. Rxf7 Rdd3 51. Rh7 Ka6 52. Rh5 b5 53. Rxg5 Rxh3+ 54. Kg2 Rhc3 55. Rb2 b4 56. Rg8 Rg3+ 57. Kf2 Raf3+ 58. Ke2 b3 59. g5 Rf5 60. Rb1 Ka5 61. g6 Kb4 62. Rb8+ Ka3 63. Ra8+ Kb4 64. Rb8+ Kc4 65. Rc8+ Kd4 66. Rd8+ Ke5 67. g7 Rxg7 68. Rxb3 Rg2+ 69. Ke1 1/2-1/2

[Event "New York President's Day IM-D"]
[Site "New York"]
[Date "2025.02.17"]
[Round "8"]
[White "Das, Aditeya"]
[Black "Dukic, Zachary"]
[Result "0-1"]
[WhiteElo "2297"]
[BlackElo "2230"]
[PlyCount "130"]
[EventDate "2025.02.14"]
[EventType "tourn"]
[EventRounds "9"]
[EventCountry "USA"]
[SourceTitle "CB08_2025"]
[SourceDate "2025.02.19"]
[SourceVersion "1"]
[SourceVersionDate "2025.02.19"]
[SourceQuality "1"]

1. e4 d6 2. d4 Nf6 3. Nc3 e5 4. Nf3 Nbd7 5. Bc4 Be7 6. h3 c6 7. a4 0-0 8. Be3 Nxe4 9. Nxe4 d5 10. 0-0 exd4 11. Qxd4 Nf6 12. Nc3 dxc4 13. Qxc4 Be6 14. Qe2 Nd5 15. Nxd5 Qxd5 16. Bd4 c5 17. Bc3 Rfe8 18. Rfd1 Qc6 19. b3 f6 20. Qb5 Bd5 21. Qxc6 Bxc6 22. Nd2 Rad8 23. f3 b6 24. Nc4 Kf7 25. Kf2 h5 26. h4 Bf8 27. g3 Bd5 28. Ne3 Be6 29. f4 g6 30. Rxd8 Rxd8 31. Rd1 Rxd1 32. Nxd1 Bf5 33. Ne3 Be4 34. Bd2 a6 35. c3 Be7 36. b4 Ke6 37. Nc4 b5 38. axb5 axb5 39. Na3 Bc6 40. Ke3 Kd5 41. Kd3 Bd7 42. Be1 Bd8 43. bxc5 Kxc5 44. Bf2+ Kd5 45. Kd2 Ke4 46. Nc2 Kf3 47. Ke1 Ba5 48. Nb4 Be6 49. Kf1 Bc4+ 50. Ke1 f5 51. Bd4 Kxg3 52. Nc6 Bc7 53. Ne5 Kxh4 54. Nxg6+ Kg4 55. Kf2 Ba5 56. Kg2 Bd5+ 57. Kh2 Be4 58. Be5 Bb6 59. Bd6 Kf3 60. Ne5+ Ke2 61. Nd7 Bf2 62. Be5 h4 63. Bf6 Bg3+ 64. Kh3 Kf2 65. Bd4+ Kf1 0-1

[Event "New York President's Day IM-D"]
[Site "New York"]
[Date "2025.02.17"]
[Round "7"]
[White "Safranek, William"]
[Black "Das, Aditeya"]
[Result "1/2-1/2"]
[WhiteElo "2167"]
[BlackElo "2297"]
[PlyCount "54"]
[EventDate "2025.02.14"]
[EventType "tourn"]
[EventRounds "9"]
[EventCountry "USA"]
[SourceTitle "CB08_2025"]
[SourceDate "2025.02.19"]
[SourceVersion "1"]
[SourceVersionDate "2025.02.19"]
[SourceQuality "1"]

1. e4 c5 2. Nf3 d6 3. d4 cxd4 4. Qxd4 Nc6 5. Bb5 Bd7 6. Bxc6 Bxc6 7. Nc3 h6 8. 0-0 e5 9. Qd3 Nf6 10. Nd2 Be7 11. Nc4 0-0 12. Ne3 Re8 13. Bd2 b5 14. Rfd1 Qd7 15. Ncd5 Nxd5 16. Nxd5 Bf8 17. Ne3 Qb7 18. f3 Red8 19. Be1 Rd7 20. Nd5 Rc8 21. c3 a5 22. Bf2 Bxd5 23. Qxd5 a4 24. Qxb7 Rxb7 25. a3 Rc4 26. Rd5 g6 27. Re1 f5 1/2-1/2

[Event "New York President's Day IM-D"]
[Site "New York"]
[Date "2025.02.16"]
[Round "6"]
[White "Das, Aditeya"]
[Black "Sun, Ryan"]
[Result "1/2-1/2"]
[WhiteElo "2297"]
[BlackElo "2327"]
[PlyCount "129"]
[EventDate "2025.02.14"]
[EventType "tourn"]
[EventRounds "9"]
[EventCountry "USA"]
[SourceTitle "CB08_2025"]
[SourceDate "2025.02.19"]
[SourceVersion "1"]
[SourceVersionDate "2025.02.19"]
[SourceQuality "1"]

1. d4 Nf6 2. c4 e6 3. Nc3 d5 4. cxd5 exd5 5. Bg5 c6 6. e3 Be7 7. Bd3 0-0 8. Nge2 h6 9. Bh4 Re8 10. Qc2 a5 11. 0-0 Na6 12. a3 Nc7 13. Na4 Ne6 14. Nc5 Nxc5 15. dxc5 a4 16. Nd4 Nd7 17. Bxe7 Qxe7 18. Rfc1 Ne5 19. Bf1 h5 20. e4 Qh4 21. Re1 Qg4 22. h3 Qg5 23. exd5 cxd5 24. Qc1 Qxc1 25. Raxc1 Bd7 26. Nb5 Bxb5 27. Bxb5 Re7 28. Red1 Ra5 29. Be2 Nc4 30. Bxc4 dxc4 31. Rxc4 Re2 32. Rb4 Rxc5 33. Rxb7 Rf5 34. Rf1 Rc5 35. Rb8+ Kh7 36. Rb4 Rcc2 37. Rxa4 Rxb2 38. Rf4 Ra2 39. Rf3 f6 40. Rd1 Red2 41. Re1 Re2 42. Kf1 Rxe1+ 43. Kxe1 g5 44. g4 hxg4 45. hxg4 Kg6 46. Re3 Ra1+ 47. Ke2 Ra2+ 48. Kf3 f5 49. Re6+ Kf7 50. Ra6 fxg4+ 51. Kg3 Kg7 52. a4 Kf7 53. Ra7+ Kf6 54. Ra8 Kf7 55. a5 Ra4 56. a6 Kg7 57. a7 Kh7 58. Rf8 Rxa7 59. Kxg4 Ra5 60. Rf6 Kg7 61. Re6 Rb5 62. f3 Kf7 63. Rd6 Kg7 64. Kh5 Kf7 65. Ra6 1/2-1/2

[Event "New York President's Day IM-D"]
[Site "New York"]
[Date "2025.02.15"]
[Round "3"]
[White "Das, Aditeya"]
[Black "Bortnyk, Mykola"]
[Result "1-0"]
[WhiteElo "2297"]
[BlackElo "2394"]
[PlyCount "161"]
[EventDate "2025.02.14"]
[EventType "tourn"]
[EventRounds "9"]
[EventCountry "USA"]
[SourceTitle "CB08_2025"]
[SourceDate "2025.02.19"]
[SourceVersion "1"]
[SourceVersionDate "2025.02.19"]
[SourceQuality "1"]

1. Nf3 d5 2. d4 Bf5 3. c4 e6 4. Nc3 Nc6 5. cxd5 exd5 6. Bg5 f6 7. Bd2 Nb4 8. Rc1 Qe7 9. e3 Qd7 10. Qb3 a5 11. Na4 b5 12. Nc5 Bxc5 13. Rxc5 Ne7 14. a3 Nc2+ 15. Kd1 a4 16. Qa2 b4 17. axb4 a3 18. b3 0-0 19. Nh4 Be4 20. f3 Nxb4 21. Bxb4 Rfb8 22. Bc3 Bb1 23. Qxb1 a2 24. Qa1 Rxb3 25. Bd3 g5 26. Kd2 gxh4 27. Ra5 Rxa5 28. Bxa5 Rxd3+ 29. Kxd3 Qb5+ 30. Kc2 Qa4+ 31. Kb2 Qxa5 32. Qe1 a1Q+ 33. Qxa1 Qd2+ 34. Kb3 Qxe3+ 35. Qc3 Qf4 36. Qd3 Nc6 37. Rd1 Qd6 38. Qc3 Ne7 39. Qc5 Qd7 40. Rc1 Kf7 41. Qxc7 Qb5+ 42. Ka3 Qa6+ 43. Kb4 Qd3 44. Qc3 Qa6 45. Rc2 Kg6 46. g3 Nf5 47. Rd2 Qb6+ 48. Ka4 Nd6 49. Qb4 Qa7+ 50. Kb3 Nc4 51. Rd1 h3 52. Kc3 Qc7 53. Kd3 Qc8 54. Qc3 Qa6 55. Re1 Kf7 56. Qb4 Ne5+ 57. Kc2 Nc6 58. Qc3 Qa4+ 59. Kd3 Nb4+ 60. Kd2 Qa2+ 61. Kd1 Qa4+ 62. Ke2 Qa6+ 63. Ke3 Qa4 64. Kf2 Qa2+ 65. Re2 Qb1 66. g4 Nd3+ 67. Ke3 Nb4 68. Rb2 Qg1+ 69. Kf4 Nc6 70. Qe3 Qa1 71. Rb7+ Kf8 72. Rb6 Qa4 73. Kg3 Qc2 74. Kxh3 Qc4 75. Kg3 h5 76. Qe6 Qxd4 77. Rxc6 Qg1+ 78. Kh3 hxg4+ 79. Qxg4 Qf1+ 80. Qg2 Qd3 81. Rxf6+ 1-0

[Event "New York President's Day IM-D"]
[Site "New York"]
[Date "2025.02.15"]
[Round "4"]
[White "Zhu, Linxi"]
[Black "Das, Aditeya"]
[Result "1-0"]
[WhiteElo "2168"]
[BlackElo "2297"]
[PlyCount "75"]
[EventDate "2025.02.14"]
[EventType "tourn"]
[EventRounds "9"]
[EventCountry "USA"]
[SourceTitle "CB08_2025"]
[SourceDate "2025.02.19"]
[SourceVersion "1"]
[SourceVersionDate "2025.02.19"]
[SourceQuality "1"]

1. e4 c5 2. Nf3 d6 3. d4 cxd4 4. Nxd4 Nf6 5. Nc3 a6 6. Bc4 e5 7. Nf5 Be6 8. Bb3 Qc7 9. Qf3 Nbd7 10. Bg5 h6 11. Bh4 g5 12. Bg3 h5 13. h3 g4 14. Qe2 Bxf5 15. exf5 Rg8 16. hxg4 Rxg4 17. Rxh5 Rd4 18. Rh4 0-0-0 19. Bxf7 Qc6 20. f3 d5 21. Be6 Bb4 22. Rxd4 Bxc3+ 23. bxc3 Qxc3+ 24. Kf1 Qxd4 25. Qxe5 Qxe5 26. Bxe5 Rf8 27. Rd1 Kd8 28. Bxf6+ Nxf6 29. Bxd5 Nxd5 30. Rxd5+ Ke7 31. g4 Rc8 32. Rd2 Kf6 33. Kf2 Rc3 34. Kg3 Ra3 35. c4 Rc3 36. Rd6+ Ke7 37. Rb6 Rxc4 38. Rxb7+ 1-0

[Event "New York President's Day IM-D"]
[Site "New York"]
[Date "2025.02.14"]
[Round "2"]
[White "Omelja, Artem"]
[Black "Das, Aditeya"]
[Result "0-1"]
[WhiteElo "2413"]
[BlackElo "2297"]
[PlyCount "86"]
[EventDate "2025.02.14"]
[EventType "tourn"]
[EventRounds "9"]
[EventCountry "USA"]
[SourceTitle "CB08_2025"]
[SourceDate "2025.02.19"]
[SourceVersion "1"]
[SourceVersionDate "2025.02.19"]
[SourceQuality "1"]

1. d4 Nf6 2. c4 e6 3. Nf3 d5 4. Nc3 Bb4 5. e3 c5 6. a3 Bxc3+ 7. bxc3 0-0 8. Bb2 Qa5 9. cxd5 cxd4 10. Nxd4 Qxd5 11. Nb5 Qc6 12. c4 Nbd7 13. Qd6 Ne4 14. Qxc6 bxc6 15. Nd4 Rb8 16. Ra2 Rb6 17. f3 Nec5 18. Bc3 Na4 19. Ba5 Rb1+ 20. Kf2 Ne5 21. Rg1 Nb2 22. Bc7 Ned3+ 23. Kg3 Nc1 24. Rxb2 Rxb2 25. Nxc6 Bd7 26. Ne5 Rc8 27. Bd6 Ba4 28. c5 f6 29. Nd3 Rb1 30. Kf2 Nb3 31. Be2 Rxg1 32. Kxg1 Na5 33. Nb2 Bc6 34. Ba6 Bb7 35. Bb5 Kf7 36. e4 Bc6 37. Ba6 Nb7 38. Nc4 Rd8 39. e5 Ke8 40. Bxb7 Bxb7 41. Na5 Bd5 42. c6 Rc8 43. c7 Kd7 0-1

[Event "New York Blitz Fuel IM-D"]
[Site "New York"]
[Date "2025.01.20"]
[Round "9"]
[White "Yudasin, Leonid"]
[Black "Das, Aditeya"]
[Result "1/2-1/2"]
[WhiteElo "2310"]
[BlackElo "2276"]
[PlyCount "52"]
[EventDate "2025.01.16"]
[EventType "tourn"]
[EventRounds "9"]
[EventCountry "USA"]
[SourceTitle "CB05_2025"]
[SourceDate "2025.01.29"]
[SourceVersion "1"]
[SourceVersionDate "2025.01.29"]
[SourceQuality "1"]

1. e4 c5 2. g3 d5 3. exd5 Qxd5 4. Qf3 Qe5+ 5. Qe3 Qxe3+ 6. dxe3 Bd7 7. Bg2 Bc6 8. Bxc6+ Nxc6 9. Ke2 g6 10. Bd2 Bg7 11. Bc3 Nf6 12. Nd2 0-0 13. Ngf3 b5 14. a4 a6 15. axb5 axb5 16. b3 Nd5 17. Bxg7 Kxg7 18. Ne4 c4 19. bxc4 bxc4 20. Nfd2 c3 21. Rxa8 Rxa8 22. Nb1 Ra2 23. Rc1 Ncb4 24. Kd1 Ra8 25. Nbxc3 Nxc3+ 26. Nxc3 Rd8+ 1/2-1/2

[Event "New York Blitz Fuel IM-D"]
[Site "New York"]
[Date "2025.01.19"]
[Round "7"]
[White "Ragnarsson, Dagur"]
[Black "Das, Aditeya"]
[Result "1-0"]
[WhiteElo "2348"]
[BlackElo "2276"]
[PlyCount "101"]
[EventDate "2025.01.16"]
[EventType "tourn"]
[EventRounds "9"]
[EventCountry "USA"]
[SourceTitle "CB05_2025"]
[SourceDate "2025.01.29"]
[SourceVersion "1"]
[SourceVersionDate "2025.01.29"]
[SourceQuality "1"]

1. e4 c5 2. Nf3 d6 3. Bb5+ Nc6 4. 0-0 Bg4 5. h3 Bh5 6. c3 a6 7. Be2 Nf6 8. d4 e5 9. dxe5 dxe5 10. Qc2 Be7 11. Nbd2 0-0 12. Rd1 Qc7 13. Nf1 Bg6 14. Ng3 Rfd8 15. Nh4 Rxd1+ 16. Bxd1 Nd8 17. Ngf5 Ne6 18. Be2 Bf8 19. Bc4 Qc6 20. Nxg6 hxg6 21. Ne3 Nf4 22. Ng4 Nxg4 23. hxg4 Rd8 24. g3 Qd7 25. f3 Qd1+ 26. Qxd1 Rxd1+ 27. Kf2 Nd3+ 28. Bxd3 Rxd3 29. Ke2 c4 30. Bd2 Rd7 31. b3 Rc7 32. Rb1 b5 33. a4 f6 34. bxc4 bxa4 35. Rb6 Ra7 36. Kd3 Bc5 37. Rc6 Bf2 38. Bc1 Bxg3 39. Be3 Ra8 40. Kc2 a3 41. Bc5 a2 42. Kb2 Be1 43. Kxa2 Bxc3 44. Kb3 Ba5 45. Ka4 Bd8 46. Bb6 Kh7 47. c5 Kh6 48. Rd6 Bxb6 49. cxb6 Kg5 50. Ka5 f5 51. Re6 1-0

[Event "New York Blitz Fuel IM-D"]
[Site "New York"]
[Date "2025.01.17"]
[Round "3"]
[White "Das, Aditeya"]
[Black "Cherukuri, Nitesh"]
[Result "1-0"]
[WhiteElo "2276"]
[BlackElo "2180"]
[PlyCount "247"]
[EventDate "2025.01.16"]
[EventType "tourn"]
[EventRounds "9"]
[EventCountry "USA"]
[SourceTitle "CB05_2025"]
[SourceDate "2025.01.29"]
[SourceVersion "1"]
[SourceVersionDate "2025.01.29"]
[SourceQuality "1"]

1. e4 c5 2. Nf3 Nc6 3. d4 cxd4 4. Nxd4 Nf6 5. Nc3 e5 6. Ndb5 d6 7. Nd5 Nxd5 8. exd5 Nb8 9. a4 Be7 10. Be2 0-0 11. Bd2 a6 12. Na3 Nd7 13. Nc4 b6 14. 0-0 Bb7 15. Bb4 Qc7 16. f4 a5 17. Ba3 exf4 18. Rxf4 f5 19. Qd4 Rae8 20. Raf1 g6 21. Kh1 Nc5 22. Qd1 Ne4 23. R4f3 Ba6 24. b3 Bf6 25. Bd3 Bxc4 26. Bxc4 Kg7 27. Bc1 Re7 28. Qd3 Rfe8 29. Bb5 Rh8 30. Bc6 h5 31. Be3 h4 32. Bd4 Bxd4 33. Qxd4+ Re5 34. Kg1 Qd8 35. Re3 Rh5 36. Bb5 Rh8 37. Bd3 Rhe8 38. Bxe4 Kh6 39. Rf4 fxe4 40. Rfxe4 Rxe4 41. Rxe4 Rxe4 42. Qxe4 Qg5 43. Kf1 Qf6+ 44. Ke2 Kg7 45. Kd3 Qf1+ 46. Kc3 Qa1+ 47. Kd2 Qf6 48. Qe3 Qd8 49. Kd3 Kh7 50. Qe6 Qf8 51. Kc3 Qg7+ 52. Kc4 Qc7+ 53. Kd3 Kg7 54. Qe8 Qc5 55. Qc6 Qg1 56. Qd7+ Kh6 57. Qh3 Qd1+ 58. Kc3 Qe1+ 59. Kb2 Qe5+ 60. Ka2 Qe4 61. Kb2 Qe5+ 62. c3 Qe2+ 63. Ka3 Qe1 64. b4 axb4+ 65. Kxb4 Qb1+ 66. Kc4 Qe4+ 67. Kb5 Qxd5+ 68. Kxb6 Qc5+ 69. Kb7 Qd5+ 70. Kc7 Qc5+ 71. Kd7 Qa7+ 72. Kxd6 Qxa4 73. Qe3+ Kh5 74. Qe2+ Kh6 75. c4 Qa6+ 76. Kd5 Qb7+ 77. Kd4 Qd7+ 78. Kc3 Qc7 79. Qe3+ g5 80. h3 Qa5+ 81. Kd3 Qa3+ 82. Ke4 Qa8+ 83. Kf5 Qf8+ 84. Ke5 Qe7+ 85. Kd4 Qd6+ 86. Ke4 Qe6+ 87. Kd3 Qf5+ 88. Qe4 Qf1+ 89. Kd4 Qa1+ 90. Kc5 Qa5+ 91. Kd6 Qd8+ 92. Ke5 Qh8+ 93. Kd5 Qd8+ 94. Kc5 Qa5+ 95. Kd4 Qa1+ 96. Kd3 Qb1+ 97. Ke3 Qe1+ 98. Kf3 Qd1+ 99. Qe2 Qb3+ 100. Kg4 Qg3+ 101. Kf5 Qf4+ 102. Ke6 Qd4 103. Qg4 Qb6+ 104. Kd5 Qb7+ 105. Kd4 Qg7+ 106. Kd3 Qg6+ 107. Qe4 Qd6+ 108. Qd5 Qa3+ 109. Kd4 Qa1+ 110. Kc5 Qa5+ 111. Kd6 Qd8+ 112. Kc6 Qc8+ 113. Kb6 Qb8+ 114. Qb7 Qd8+ 115. Ka6 Qd3 116. Qc6+ Kh7 117. Kb7 Qb3+ 118. Kc8 Qc3 119. c5 Qh8+ 120. Kc7 Qe5+ 121. Qd6 Qe4 122. Qd7+ Kh8 123. Qd8+ Kh7 124. Qxg5 1-0

[Event "New York Blitz Fuel IM-D"]
[Site "New York"]
[Date "2025.01.16"]
[Round "1"]
[White "Das, Aditeya"]
[Black "Kretchetov, Alexandre"]
[Result "1-0"]
[WhiteElo "2276"]
[BlackElo "2130"]
[PlyCount "109"]
[EventDate "2025.01.16"]
[EventType "tourn"]
[EventRounds "9"]
[EventCountry "USA"]
[SourceTitle "CB05_2025"]
[SourceDate "2025.01.29"]
[SourceVersion "1"]
[SourceVersionDate "2025.01.29"]
[SourceQuality "1"]

1. e4 e5 2. Nf3 Nc6 3. Bb5 a6 4. Ba4 Bc5 5. 0-0 Nge7 6. c3 Ng6 7. d4 Ba7 8. Bg5 f6 9. Be3 0-0 10. Nbd2 d6 11. h3 Kh8 12. Bc2 exd4 13. cxd4 d5 14. e5 f5 15. Bg5 Qe8 16. Nb1 h6 17. Bc1 Nd8 18. Nc3 c6 19. Ne2 Ne6 20. b3 Qd8 21. Ng3 Ne7 22. Ba3 g6 23. Nh4 Rg8 24. Qd2 Ng5 25. Ne2 Kh7 26. f3 Nf7 27. Kh1 c5 28. dxc5 Nc6 29. g3 Nfxe5 30. Rad1 Qe7 31. Bc1 Nf7 32. Nf4 d4 33. b4 Bb8 34. Rde1 Qf8 35. Kg2 Nfe5 36. Nd5 g5 37. Nb6 gxh4 38. g4 d3 39. Bb3 Rg6 40. f4 Nd7 41. Nxa8 Nd4 42. Qxd3 Nxb3 43. axb3 b6 44. Nxb6 Nxb6 45. cxb6 fxg4 46. hxg4 Bxg4 47. Kh2 Bf5 48. Qe3 Qc8 49. Qc5 Rc6 50. Qe7+ Kg6 51. Rg1+ Bg4 52. Qe8+ Qxe8 53. Rxe8 Rc2+ 54. Rg2 Rxc1 55. Rxb8 1-0

[Event "North American-ch UNN"]
[Site "Dulles"]
[Date "2024.12.23"]
[Round "9"]
[White "Zheng, Richard"]
[Black "Das, Aditeya"]
[Result "1/2-1/2"]
[WhiteElo "2316"]
[BlackElo "2232"]
[PlyCount "42"]
[EventDate "2024.12.18"]
[EventType "swiss"]
[EventRounds "9"]
[EventCountry "USA"]
[SourceTitle "CB02_2025"]
[SourceDate "2025.01.08"]
[SourceVersion "1"]
[SourceVersionDate "2025.01.08"]
[SourceQuality "1"]

1. d4 d5 2. c4 c6 3. cxd5 cxd5 4. Nf3 Nf6 5. Nc3 Nc6 6. Bf4 a6 7. Rc1 Bf5 8. e3 e6 9. Qb3 Bd6 10. Qxb7 Na5 11. Qxa8 Qxa8 12. Bxd6 Nc4 13. Bxc4 dxc4 14. 0-0 Ne4 15. Ba3 f6 16. Nb1 Kd7 17. Nbd2 Qb7 18. Rxc4 Rc8 19. Rfc1 Rxc4 20. Nxc4 g5 21. Nfd2 g4 1/2-1/2

[Event "North American-ch UNN"]
[Site "Dulles"]
[Date "2024.12.22"]
[Round "7"]
[White "Sun, Ryan"]
[Black "Das, Aditeya"]
[Result "0-1"]
[WhiteElo "2286"]
[BlackElo "2232"]
[PlyCount "108"]
[EventDate "2024.12.18"]
[EventType "swiss"]
[EventRounds "9"]
[EventCountry "USA"]
[SourceTitle "CB02_2025"]
[SourceDate "2025.01.08"]
[SourceVersion "1"]
[SourceVersionDate "2025.01.08"]
[SourceQuality "1"]

1. Nf3 d5 2. g3 Nf6 3. Bg2 g6 4. c4 c6 5. b3 Bg7 6. Bb2 0-0 7. 0-0 Nbd7 8. a4 Re8 9. d4 Ne4 10. a5 b6 11. axb6 Qxb6 12. Nc3 Bb7 13. Na4 Qc7 14. Qc2 e6 15. Rfc1 Nb6 16. Ne5 Nxa4 17. Rxa4 Nc5 18. Ra3 Nd7 19. Nd3 Qd6 20. cxd5 exd5 21. Rca1 a6 22. e3 Rac8 23. Ra5 Qc7 24. Bf1 Bf8 25. Nc5 Nb8 26. Qc3 Bg7 27. R5a4 h5 28. h4 Kh7 29. Kg2 Kg8 30. Bc1 Rcd8 31. Rb4 Bc8 32. Bd2 Bf8 33. Rba4 Qe7 34. Bd3 Qf6 35. f3 Bxc5 36. Qxc5 Nd7 37. Qc2 c5 38. dxc5 Ne5 39. Rf4 Qe6 40. Rh1 d4 41. e4 Qc6 42. b4 Nxd3 43. Qxd3 a5 44. b5 Qxc5 45. Bxa5 Rd7 46. Rf6 Ra7 47. Bd2 Ra3 48. Qb1 Qc4 49. Kf2 Ra2 50. Rd1 Be6 51. b6 Qb3 52. Ke1 Rb2 53. Qa1 Bc4 54. Rc6 Qxf3 0-1